La República romana / (Record no. 121953)

MARC details
000 -LEADER
campo de control de longitud fija 02162cam a2200289 4500
001 - NÚMERO DE CONTROL
campo de control 11097
003 - IDENTIFICADOR DE NÚMERO DE CONTROL
campo de control BJBSDDR
005 - FECHA Y HORA DE LA ÚLTIMA TRANSACCIÓN
campo de control 20240819113734.0
007 - CAMPO FIJO DE DESCRIPCIÓN FÍSICA--INFORMACIÓN GENERAL
campo de control de longitud fija ta
008 - DATOS DE LONGITUD FIJA--INFORMACIÓN GENERAL
campo de control de longitud fija 060907n2011 sp spa
020 ## - NÚMERO INTERNACIONAL ESTÁNDAR DEL LIBRO
Número Internacional Estándar del Libro 9788420652801 (paperback)
040 ## - FUENTE DE CATALOGACIÓN
Lengua de catalogación spa
Centro/agencia transcriptor BJBSDDR
041 ## - CÓDIGO DE IDIOMA
Código de lengua del texto/banda sonora o título independiente spa
050 14 - SIGNATURA TOPOGRÁFICA DE LA BIBLIOTECA DEL CONGRESO
Número de ítem A832r 2011
082 00 - NÚMERO DE LA CLASIFICACIÓN DECIMAL DEWEY
Número de clasificación 937.02
100 1# - ENTRADA PRINCIPAL--NOMBRE DE PERSONA
Nombre de persona Asimov, Isaac,
Fechas asociadas al nombre 1920-1992.
9 (RLIN) 9360
245 13 - MENCIÓN DEL TÍTULO
Título La República romana /
Mención de responsabilidad, etc. Isaac Asimov.
260 ## - PUBLICACIÓN, DISTRIBUCIÓN, ETC.
Lugar de publicación, distribución, etc. Madrid :
Nombre del editor, distribuidor, etc. Alianza,
Fecha de publicación, distribución, etc. 2011.
300 ## - DESCRIPCIÓN FÍSICA
Extensión 327 páginas ;
Dimensiones 18 cm.
490 1# - MENCIÓN DE SERIE
Mención de serie Historia universal Asimov,
505 ## - NOTA DE CONTENIDO CON FORMATO
Nota de contenido con formato 1. Los siete reyes--<br/>2. Supervivencia de la República--<br/>3. La conquista de Italia--<br/>4. La conquista de Sicilia--<br/>5. Aníbal--<br/>6. La conquista de Oriente--<br/>7. Conmociones internas--<br/>8. Sila y Pompeyo--<br/>9. El triunvirato--<br/>10. Cesar--<br/>11. El fin de la República.
520 ## - RESUMEN, ETC.
Sumario, etc. La serie informalmente titulada «Historia Universal Asimov» reúne las obras dedicadas por el gran novelista y divulgador científico a la evolución política, cultural y material de la especie humana. «La República Romana» abarca el lapso transcurrido entre la fundación de Roma en 753 a.C. y el 29 a.C. -momento en el que Octavio se hace con el poder absoluto-, y comprende el periodo monárquico, el ascenso de Roma a gran potencia tras su triunfo en las Guerras Púnicas y las diferentes guerras civiles que pusieron fin al periodo republicano.<br/>La serie informalmente titulada «Historia Universal Asimov» reúne las obras dedicadas por el gran novelista y divulgador científico a la evolución política, cultural y material de la especie humana. «La República Romana» abarca el lapso transcurrido entre la fundación de Roma en 753 a.C. y el 29 a.C. -momento en el que Octavio se hace con el poder absoluto-, y comprende el periodo monárquico, el ascenso de Roma a gran potencia tras su triunfo en las Guerras Púnicas y las diferentes guerras civiles que pusieron fin al periodo republicano.
651 #0 - PUNTO DE ACCESO ADICIONAL DE MATERIA--NOMBRE GEOGRÁFICO
Nombre geográfico Rome
Subdivisión general History
Subdivisión cronológica Republic, 510-30 B.C.
Subdivisión general Juvenile literature.
700 1# - ENTRADA AGREGADA--NOMBRE PERSONAL
Nombre de persona Míguez, Néstor A.,
Fechas asociadas al nombre 1948-
9 (RLIN) 38021
Término indicativo de función/relación editor.
942 ## - ELEMENTOS DE ENTRADA SECUNDARIOS (KOHA)
Fuente del sistema de clasificación o colocación Clasificación de Library of Congress
Tipo de ítem Koha Libro
946 ## - PROCESAMIENTO DE INFORMACIÓN LOCAL (OCLC)
Iniciales del agente catalogador rmza
Holdings
Estatus retirado Estado de pérdida Fuente del sistema de clasificación o colocación Estado de daño No para préstamo Colección Biblioteca de origen Biblioteca actual Ubicación en estantería Fecha de adquisición Signatura topográfica completa Código de barras Visto por última vez Copia número Tipo de ítem Koha
    Clasificación de Library of Congress     Automatización y Procesos Técnicos Biblioteca Juan Bosch Biblioteca Juan Bosch Automatización y Procesos Técnicos (1er. Piso) 19/08/2024 A832r 2011 00000128210 19/08/2024 1 Libro